ბათუმის შოთა რუსთაველის სახელმწიფო უნივერსიტეტის ბიბლიოთეკა

Classroom management in the digital age / (ბიბ.ჩანაწერი № 58093)

000 -LEADER
fixed length control field 00753nam a22002175i 4500
001 - CONTROL NUMBER
control field 19205551
005 - DATE AND TIME OF LATEST TRANSACTION
control field 20210614122949.0
008 - FIXED-LENGTH DATA ELEMENTS--GENERAL INFORMATION
fixed length control field 160803s2016 cau 000 0 eng
020 ## - INTERNATIONAL STANDARD BOOK NUMBER
International Standard Book Number 9781950714087
041 ## - LANGUAGE CODE
Language code of text/sound track or separate title eng
080 ## - UNIVERSAL DECIMAL CLASSIFICATION NUMBER
Universal Decimal Classification number 004 D-78
100 1# - MAIN ENTRY--PERSONAL NAME
Personal name Dowd, Heather.
9 (RLIN) 12033
245 10 - TITLE STATEMENT
Title Classroom management in the digital age /
Statement of responsibility, etc. Dowd, Heather, Green, Patrick.
263 ## - PROJECTED PUBLICATION DATE
Projected publication date 1608
264 #1 - PRODUCTION, PUBLICATION, DISTRIBUTION, MANUFACTURE, AND COPYRIGHT NOTICE
Place of production, publication, distribution, manufacture Irvine, CA :
Name of producer, publisher, distributor, manufacturer EdTechTeam Press,
Date of production, publication, distribution, manufacture, or copyright notice 2016.
300 ## - PHYSICAL DESCRIPTION
Extent 70 pages ;
Other physical details 23 cm.
653 ## - INDEX TERM--UNCONTROLLED
keyword კლასის მართვა ციფრულ ეპოქაში
653 ## - INDEX TERM--UNCONTROLLED
keyword Управление классом в эпоху цифровых технологий
700 ## - ADDED ENTRY--PERSONAL NAME
Personal name Green, Patrick
Relator term ავტორი
9 (RLIN) 12034
942 ## - ADDED ENTRY ELEMENTS (KOHA)
Source of classification or shelving scheme
Koha item type წიგნი
ეგზემპლარები
Withdrawn status Lost status Source of classification or shelving scheme Damaged status Not for loan Permanent Location Current Location Shelving location Date acquired Cost, normal purchase price Full call number Barcode Date last seen Copy number Price effective from Koha item type Public note
          ბათუმის შოთა რუსთაველის სახელმწიფო უნივერსიტეტის მთავარი ბიბლიოთეკა ბათუმის შოთა რუსთაველის სახელმწიფო უნივერსიტეტის მთავარი ბიბლიოთეკა წიგნსაცავი 2021-06-14 88.00 004 D-78 61379 2021-06-14 61379 2021-06-14 წიგნი 88 ლ.